000 00677nam a22002297a 4500
999 _c377304
_d377304
001 91033
003 UA-OsUOA
005 20200211130946.0
007 ta
008 20121121b un ||||| |||| 00| 0 ukr d
040 _aUA-OsUOA
_bukr
_cUA-OsUOA
_dUA-OsUOA
041 _aukr
080 _a821.161.2
090 _a821.161.2
_bР50
100 _aРильський М.
245 _aЗібрання творів у двадцяти томах: поетичні переклади
_n11
260 _aК.
_bНаукова думка
_c1985
300 _a343 с.
650 7 _a82 Література. Літературознавство
_2UDC
942 _cBK
_2udc
955 _a2